El banquete de la escritura: encuentro de críticos de arte
Saved in:
| Hovedforfatter: | |
|---|---|
| Format: | Bog |
| Sprog: | spansk |
| Udgivet: |
Santiago
Ediciones Universitarias Finis Terrae
2018
|
| Udgivelse: | 1a. ed |
| Fag: | |
| Tags: |
Tilføj Tag
Ingen Tags, Vær først til at tagge denne postø!
|
MARC
| LEADER | 00000cam a2200000 a 4500 | ||
|---|---|---|---|
| 001 | UCC7271 | ||
| 003 | CL-VaPUC | ||
| 008 | 190322e20180000cl |||||||||||||||||spa|d | ||
| 020 | |a 9789563910186 | ||
| 082 | 0 | 4 | |a 701.1 |b SZM |2 21 |
| 100 | 0 | |a Szmulewicz, Ignacio |e author |9 601811 | |
| 245 | 1 | 3 | |a El banquete de la escritura: encuentro de críticos de arte |
| 250 | |a 1a. ed | ||
| 300 | |a 173 p | ||
| 942 | |c BK | ||
| 945 | |d 20190322 14:57:00 |a dcastane | ||
| 260 | |a Santiago |b Ediciones Universitarias Finis Terrae |c 2018 | ||
| 650 | 0 | |a Filosofía del arte |9 264951 | |
| 650 | 0 | |a Crítica de arte |9 334590 | |
| 583 | |a last modification |c 20190322 14:57:00 |k Rodrigo Vera | ||
| 999 | |c 373956 |d 373954 | ||
| 952 | |0 0 |1 0 |3 erb |4 0 |6 701_100000000000000_SZM_2018 |7 0 |8 A |9 492292 |a BIBART |b BIBART |i 553688K |o 701.1 SZM 2018 |p 553688K |r 2025-03-13 |w 2019-11-24 |y BK |z Catalogado en:20190322 |k ART | ||